• 首页
  • 本馆介绍
  • 公告通知
  • 最新文献
  • 馆藏检索
  • 电子资源
  • 读者导购
  • 参考咨询
  • 我的图书馆
  • 登录
  • 详细信息显示
  • 放入我的书架
  • 预约/预借图书
  • 作者相关作品
  • 分类相关作品
  • 丛书相关作品
  • 出版社相关作品

书目信息

  • 表格格式
  • 工作单格式
  • 卡片格式
题名:
一个少女的日记
    
 
作者: 弗兰克 著 ;刘舒 译
分册:  
出版信息: 长沙   湖南人民出版社  1983
页数: 350页
开本: 19cm
丛书名: 青年之友文学译丛
单 册:
中图分类: I563.65 , I516.6
科图分类:
主题词: 散文--荷兰--现代--选集
电子资源:
ISBN:
000 00892nam2 2200313 45
001 0183010144
005 20040412164715.9
010    @dCNY1.00
091    @a10109.1593
100    @a19950727d1983 em y0chiy0121 ea
101 1  @achi@ceng
102    @aCN@b430000
105    @ay z 000cy
106    @ar
200 10 @a一个少女的日记@Ayi ge shao nu de ri ji@f(荷)安妮·弗兰克著@g刘舒译
210    @a长沙@c湖南人民出版社@d1983
215    @a350页@d19cm
225 2  @a青年之友文学译丛
300    @a书名原文:The diary of a young girl
410  0 @120010@a青年之友文学译丛
510 1  @aThe diary of a young girl@zeng
606    @a散文@y荷兰@z现代@x选集
690    @aI563.65@v3
690    @aI516.6
701  1 @a弗兰克@Afu lan ke@f德国@b安妮@4著
702  0 @a刘舒@Aliu shu@4译
801  0 @aCN@b上海图书馆@c20040412
801  2 @aCN@bNLC@c20040412
905    @f1@b96992@dI516.6@e26
    
    一个少女的日记/(荷)安妮·弗兰克著/刘舒译.-长沙:湖南人民出版社,1983
    350页;19cm.-(青年之友文学译丛)
    书名原文:The diary of a young girl
    
    ISBN :CNY1.00
    
●
相关链接 在E读中查询图书 在五车中查询图书 在当当中查询图书 在豆瓣中查询图书


正题名:一个少女的日记     索取号:I516.6/26         预约/预借

序号 登录号 条形码 馆藏地/架位号 状态 备注
1 0096992   000786377   第二借阅区/ [索取号:I516.6/26] 在馆    
2 0096993   000058449   第二借阅区/ [索取号:I516.6/26] 在馆    
3 0096994   000058029   第二借阅区/ [索取号:I516.6/26] 在馆    
4 0096995   000332483   第一样本阅览室/ [索取号:I516.6/26] 在馆    
5 0174586   000332232   第二借阅区/ [索取号:I516.6/26] 在馆    
6 0174587   000332447   第二借阅区/ [索取号:I516.6/26] 在馆    
7 0174588   001585519   第二借阅区/ [索取号:I516.6/26] 在馆    
8 0174589   000782558   第二借阅区/ [索取号:I516.6/26] 在馆    
9 0174590   000332198   第二借阅区/ [索取号:I516.6/26] 在馆    
唐山师范学院图书馆 欢迎您!
大连网信软件有限公司© 版权所有